| 000 | 01191nam a22003017a 4500 | ||
|---|---|---|---|
| 003 | 0 | ||
| 005 | 20251114134100.0 | ||
| 008 | 251114b xxu||||| |||| 00| 0 eng d | ||
| 020 | _a978-621-8287-05-1 | ||
| 050 |
_aCT 788 _b.M57 O98 2024 |
||
| 100 |
_aCabochan, Jun Villacorta, _eauthor. |
||
| 245 |
_aOut of the blue : _blife stories from the Ateneo High School class of 1974 / _ccompiled and edited by Rhona Lopa-Macasaet & Paolo R. Reyes. |
||
| 260 |
_aMuntinlupa : _bChamber Shell Publishing Inc., _c2024. |
||
| 300 |
_a321 pages : _billustrations ; _c23 cm. |
||
| 520 | _aA collection of personal stories and recollections from the Ateneo High School Class of 1974, chronicling their life journeys, experiences, and reflections. | ||
| 650 | _aBiography. | ||
| 650 | _aMemoirs. | ||
| 650 | _aAlumni stories. | ||
| 700 |
_aDavid, Dennis S., _eauthor. |
||
| 700 |
_aDenoga, Andy U., _eauthor. |
||
| 700 |
_aDizon, Raymond, _eauthor. |
||
| 700 |
_aFernando, Manolo C., _eauthor. |
||
| 700 |
_aLopa, Jose Manuel C., _eauthor. |
||
| 700 |
_aRivera, Antonio L., _eauthor. |
||
| 700 |
_aLopa-Macasaet, Rhona, _eeditor. |
||
| 700 |
_aReyes, Paolo R., _eeditor. |
||
| 942 |
_2lcc _cBK |
||
| 999 |
_c368654 _d368654 |
||